[Event "V Stadium Casablanca Open"]
[Site "Zaragoza ESP"]
[Date "2011.12.30"]
[Round "8"]
[White "Cifuentes Parada,R"]
[Black "Gonzalez Perez,A"]
[Result "1-0"]
[WhiteElo "2523"]
[BlackElo "2474"]

1.c4 Nf6 2.Nc3 e6 3.Nf3 d5 4.d4 Be7 5.Bf4 O-O 6.e3 Nbd7 7.Qc2 c5 8.dxc5 Qa5
9.O-O-O Nxc5 10.Kb1 Bd7 11.Ne5 Rfc8 12.Qd2 Qb6 13.f3 Ba4 14.Nxa4 Nxa4 15.Be2 Ba3
16.Qd4 Nxb2 17.Qxb6 axb6 18.Rc1 Na4 19.Rc2 b5 20.cxb5 Nc3+ 21.Ka1 Nh5 22.Bg3 Bd6
23.f4 Nxg3 24.hxg3 Bxe5 25.fxe5 Ra3 26.Rhc1 Rc5 27.Kb2 Rxa2+ 28.Kb3 Rxc2
29.Rxc2 Ne4 30.Ra2 g5 31.Ra8+ Kg7 32.Rb8 Rc3+ 33.Kb4 Rxe3 34.Bf3 Nd2 35.Rxb7 Nxf3
36.gxf3 Rxf3 37.b6 Rxg3 38.Ra7 Rg4+ 39.Kb5 d4 40.b7 Rg1 41.Ra4 d3 42.b8=Q d2
43.Qd8 Rb1+ 44.Kc4 Rc1+ 45.Kb4 Rb1+ 46.Kc3 d1=Q 47.Qf6+ Kg8 48.Ra8+ Rb8 49.Rxb8+  1-0

[Event "Hastings Masters 2011-12"]
[Site "Hastings ENG"]
[Date "2012.01.01"]
[Round "5.9"]
[White "Lalith,B"]
[Black "Kjartansson,G"]
[Result "1-0"]
[WhiteElo "2484"]
[BlackElo "2326"]

1.Nf3 Nf6 2.c4 e6 3.Nc3 d5 4.d4 Be7 5.Bf4 O-O 6.e3 Nbd7 7.c5 Nh5 8.Bd3 Nxf4
9.exf4 b6 10.b4 a5 11.a3 c6 12.O-O Qc7 13.g3 Ba6 14.Bxa6 Rxa6 15.Qe2 Raa8
16.f5 bxc5 17.bxc5 e5 18.dxe5 Bxc5 19.Na4 Ba7 20.Rfe1 Rfe8 21.Rac1 c5 22.Nc3 Qc6
23.Qb5 Qxb5 24.Nxb5 Bb6 25.Rcd1 d4 26.Nd6 Re7 27.Nc4 Bc7 28.Rb1 Ra6 29.Rb7 Rc6
30.Ra7 Re8 31.Rb1 g5 32.Rbb7 Nxe5 33.Nfxe5 Bxe5 34.Rxf7 Bf6 35.Rfd7 Rcc8
36.Rxa5 Re1+ 37.Kg2 Rc1 38.Nd6 Rb8 39.Ne4 Be5 40.Nxc5  1-0

[Event "Hilton Open 2012"]
[Site "Basel SUI"]
[Date "2012.01.03"]
[Round "4"]
[White "Fier,A"]
[Black "Grachev,B"]
[Result "1/2-1/2"]
[WhiteElo "2603"]
[BlackElo "2693"]

1.d4 d5 2.c4 e6 3.Nf3 Be7 4.Nc3 Nf6 5.Bf4 O-O 6.e3 b6 7.cxd5 Nxd5 8.Nxd5 exd5
9.Bd3 c5 10.O-O Nc6 11.Bb5 Bb7 12.b3 Bd6 13.Bxd6 Qxd6 14.Rc1 Rac8 15.Qd2 a6
16.Be2 Rc7 17.Rfd1 Rfc8 18.Qb2 cxd4 19.Nxd4 Nxd4 20.exd4 a5 21.Bg4 Rxc1 22.Rxc1 Rxc1+
23.Qxc1 h6 24.g3 Bc6 25.Qe3 Bd7 26.Bxd7 Qxd7 27.Qe5  1/2-1/2

[Event "Northern California International"]
[Site "Fremont USA"]
[Date "2012.01.03"]
[Round "2"]
[White "Manvelyan,Hayk"]
[Black "Helfst,Matt D"]
[Result "1-0"]
[WhiteElo "2202"]
[BlackElo "1943"]

1.d4 d5 2.c4 e6 3.Nf3 Nf6 4.Nc3 Be7 5.Bf4 c6 6.e3 O-O 7.c5 Nbd7 8.Bd3 Re8
9.O-O b5 10.b4 a5 11.a3 Ba6 12.Qc2 a4 13.Ne5 Qc8 14.f3 Nf8 15.e4 N6d7 16.Ng4 Nf6
17.e5 N6d7 18.Bg3 f5 19.exf6 Nxf6 20.Be5 Ra7 21.Rae1 Bd8 22.Ne2 Rf7 23.Ng3 N6d7
24.Bd6 Be7 25.Bxe7 Rfxe7 26.Ne5 Nxe5 27.Rxe5 g6 28.f4 Qc7 29.Nh1 Bc8 30.g3 Rf7
31.Nf2 Qd8 32.Ng4 Kg7 33.Re3 Rfe7 34.Ne5 Bb7 35.h4 Rc7 36.Kg2 Qf6 37.Rh1 Nd7
38.Nf3 h5 39.Rhe1 Rcc8 40.Qe2 Nf8 41.Re5 Rc7 42.Rg5 Kh6 43.Ne5 Rg7 44.Qe3 Qe7
45.f5 exf5 46.Rxh5+  1-0

[Event "Northern California International"]
[Site "Fremont USA"]
[Date "2012.01.03"]
[Round "3"]
[White "Manvelyan,Hovik"]
[Black "Betaneli,A"]
[Result "0-1"]
[WhiteElo "1978"]
[BlackElo "2266"]

1.d4 d5 2.c4 e6 3.Nc3 Be7 4.Nf3 Nf6 5.Bf4 O-O 6.e3 b6 7.Rc1 c5 8.Bd3 Nc6
9.cxd5 Nxd5 10.Nxd5 exd5 11.O-O c4 12.Bb1 f5 13.Ne5 Nxe5 14.Bxe5 b5 15.Qh5 Be6
16.g4 Qe8 17.Qh3 Qg6 18.Kh1 fxg4 19.Qg2 Qf7 20.f3 gxf3 21.Qg3 g6 22.Rf2 Bf5
23.Rxf3 Qe6 24.Bxf5 Rxf5 25.Qh3 Raf8 26.Rcf1 Rxe5 27.Rxf8+ Bxf8 28.Rxf8+ Kxf8
29.Qh6+ Kg8 30.dxe5 Qxe5 31.h4 b4  0-1

[Event "4th Chennai Open"]
[Site "Chennai IND"]
[Date "2012.01.04"]
[Round "1"]
[White "Thejkumar,M"]
[Black "Anjana Krishna,S"]
[Result "1-0"]
[WhiteElo "2455"]
[BlackElo "1887"]

1.d4 d5 2.c4 e6 3.Nc3 Nf6 4.Nf3 Be7 5.Bf4 c6 6.e3 Nbd7 7.h3 O-O 8.Qc2 b6
9.cxd5 exd5 10.Bd3 Bb7 11.O-O h6 12.Rad1 Re8 13.Rfe1 Bf8 14.a3 Rc8 15.Ne5 Nxe5
16.dxe5 Nd7 17.Bh7+ Kh8 18.Bf5 g6 19.e6 gxf5 20.exd7 Qxd7 21.Ne2 Qe6 22.Ng3 Bd6
23.Bxd6 Qxd6 24.Nxf5 Qg6 25.Qc3+ Kh7 26.Nh4 Qg5 27.Rd4 Re4 28.Nf3 Qg6 29.Rxe4 Qxe4
30.Ne5 Qf5 31.e4 Qf6 32.exd5 cxd5 33.Qd3+ Kh8 34.Ng4 Qf4 35.g3 Qg5 36.Qd4+ Qg7
37.Nf6 Bc6 38.Re7 Re8 39.Rxe8+ Bxe8 40.Qe5  1-0

[Event "Hilton Open 2012"]
[Site "Basel SUI"]
[Date "2012.01.05"]
[Round "7"]
[White "Turov,M"]
[Black "Grachev,B"]
[Result "0-1"]
[WhiteElo "2645"]
[BlackElo "2693"]

1.d4 d5 2.c4 e6 3.Nc3 Be7 4.Nf3 Nf6 5.Bf4 O-O 6.e3 b6 7.cxd5 Nxd5 8.Nxd5 exd5
9.Be2 c5 10.O-O Be6 11.dxc5 bxc5 12.Rc1 Qb6 13.Qc2 h6 14.e4 Nc6 15.exd5 Bxd5
16.b3 Nb4 17.Qb1 Rfe8 18.Be3 Qb7 19.Qb2 Bf6 20.Qd2 Rad8 21.Rxc5 Be4 22.Qc1 Nxa2
23.Qe1 Rd5 24.Qa5 Nc3 25.Ba6 Rxc5 26.Bxc5 Qxb3 27.Nd2 Qd5 28.Nxe4 Nxe4 29.Qb5 Re5
30.Qb8+ Kh7 31.Be3 Re7 32.h3 Be5 33.Qb1 f5 34.Rc1 Bd6 35.Qb2 Rc7 36.Rxc7 Bxc7
37.Bxa7 Qd6 38.Qb5 Qh2+  0-1

[Event "5th Costa Viola Open A"]
[Site "Palmi ITA"]
[Date "2012.01.05"]
[Round "8"]
[White "Epishin,V"]
[Black "Stromboli,C"]
[Result "1-0"]
[WhiteElo "2561"]
[BlackElo "2336"]

1.d4 Nf6 2.Nf3 d5 3.c4 e6 4.Nc3 Be7 5.Bf4 O-O 6.e3 c5 7.dxc5 Bxc5 8.Qc2 a6
9.Rd1 Qa5 10.Be2 dxc4 11.Bxc4 b5 12.Bb3 Bb7 13.O-O Nbd7 14.Ng5 Rfd8 15.Nce4 Nxe4
16.Nxe4 Bxe4 17.Qxe4 Ra7 18.Bxe6 fxe6 19.Qxe6+ Kf8 20.Bg5 h6 21.Qf5+ Ke8
22.Qe6+ Kf8 23.Bxd8 Qxd8 24.Rd5 Qe7 25.Rf5+ Ke8 26.Qg6+ Kd8 27.Rd1 Kc8 28.Rf7 Qe5
29.Rxg7 Bf8 30.Rf7 Be7 31.Qxh6 Rc7 32.Qxa6+ Kb8 33.Rf4 Bd6 34.g3 Bc5 35.Qxb5+ Rb7
36.Qd3 Qh5 37.Rf5 Qh7 38.Rd5  1-0

[Event "Northern California International"]
[Site "Fremont USA"]
[Date "2012.01.06"]
[Round "7"]
[White "Macieja,B"]
[Black "Piasetski,L"]
[Result "1-0"]
[WhiteElo "2617"]
[BlackElo "2305"]

1.d4 d5 2.Nf3 Nf6 3.c4 e6 4.Nc3 Be7 5.Bf4 O-O 6.e3 c5 7.dxc5 Bxc5 8.cxd5 Nxd5
9.Nxd5 exd5 10.a3 Nc6 11.Bd3 h6 12.O-O Be6 13.Bb1 Bb6 14.Qd3 f5 15.Ba2 Qd7
16.Rfd1 Rad8 17.Nd4 Bxd4 18.exd4 g5 19.Bd2 Qg7 20.Re1 Bc8 21.Bb4 Rf7 22.Qb5 Nxd4
23.Qd3 Ne6 24.Bxd5 Kh7 25.Qc4 Rc7 26.Qa2 Nf4 27.Bc4 Qd4 28.Bf1 Qd5 29.Qb1 Ne6
30.Bc3 Nd4 31.Rd1 Qc5 32.Qd3 Nc6 33.Qf3 Be6 34.Rxd8 Nxd8 35.Re1 Qd5 36.Qe3 b6
37.h4 Kg6 38.Be2 Rd7 39.Bf3 Qc5 40.Qxc5 bxc5 41.Re5 g4 42.Ba8 f4 43.h5+ Kf7
44.Re4 Rd1+ 45.Kh2 g3+ 46.fxg3 fxg3+ 47.Kxg3 Bd5 48.Bxd5+ Rxd5 49.Re5 Rd3+
50.Kg4 Ne6 51.Rf5+ Ke7 52.Rf6 Rxc3 53.Rxe6+ Kxe6 54.bxc3 Kd5 55.Kf5 Kc4 56.g4 Kxc3
57.g5 c4 58.gxh6 Kd3 59.h7  1-0

[Event "Northern California International"]
[Site "Fremont USA"]
[Date "2012.01.07"]
[Round "8"]
[White "Shahade,G"]
[Black "Collins,S IRL"]
[Result "1/2-1/2"]
[WhiteElo "2463"]
[BlackElo "2426"]

1.c4 e6 2.Nc3 d5 3.d4 Nf6 4.Nf3 Be7 5.Bf4 O-O 6.e3 Nbd7 7.Qc2 c5 8.dxc5 Nxc5
9.Be2 dxc4 10.Bxc4 a6 11.a4 Bd7 12.O-O Rc8 13.a5 b5 14.axb6 Qxb6 15.Qe2 a5
16.Ne5 Rfd8 17.Nxd7 Rxd7 18.Be5 Nfe4 19.Nxe4 Nxe4 20.Bd4 Qb4 21.Bd3 Qd2 22.Qd1 e5
23.Bxe4 Qxd1 24.Rfxd1 Rcd8 25.Rxa5 exd4 26.exd4 Rxd4 27.Rxd4 Rxd4 28.Bf3 g6
29.g3 Rd2 30.b3 Bf6 31.Kf1 Rb2 32.Rb5 Rc2 33.Rb7 Bd4 34.Be2 Kg7 35.b4 Rc1+
36.Kg2 Rc2 37.Re7 Bb6 38.b5 h5 39.h3 Kf6 40.Re4 Kg7 41.Re5 Kf8 42.g4 hxg4
43.hxg4 Rb2 44.Re4 Rc2 45.Kg3 Rc3+ 46.Kg2 Rc2 47.f3 g5 48.Kg3 Rb2 49.Kg2 Rc2
50.Kh3 Rc7 51.Rc4 Rxc4 52.Bxc4 f6 53.Kg2  1/2-1/2

[Event "TCh-SWE 2011-12"]
[Site "Sweden SWE"]
[Date "2012.01.14"]
[Round "4"]
[White "Agrest,E"]
[Black "Karlsson,T"]
[Result "1-0"]
[WhiteElo "2599"]
[BlackElo "2235"]

1.c4 e6 2.Nf3 Nf6 3.Nc3 d5 4.d4 Be7 5.Bf4 O-O 6.Rc1 c6 7.e3 Nbd7 8.h3 b6
9.cxd5 exd5 10.Be2 Bb7 11.O-O Ne4 12.Qb3 Nxc3 13.Rxc3 c5 14.dxc5 Nxc5 15.Qd1 Rc8
16.Be5 Ne4 17.Rxc8 Qxc8 18.Qa4 a6 19.Qb3 Qe6 20.Rc1 Nc5 21.Qd1 Rc8 22.Bd4 Ne4
23.Rxc8+ Bxc8 24.Qa4 b5 25.Qc2 Bb7 26.Qc7 Bc8 27.Ne5 Bf8 28.Qd8 Qf6 29.Qxf6 Nxf6
30.Nd3 Ne4 31.Kf1 f6 32.Nf4 Bb7 33.Bg4 Bd6 34.Be6+ Kf8 35.Bxd5 Bxd5 36.Nxd5 Kf7
37.f3 Ng3+ 38.Kf2 Nf5 39.Bb6 Ke6 40.e4 Ne7 41.Ne3 g6 42.Nc2 Nc6 43.b3 Ne5
44.Ke2 Nd7 45.Be3 Ne5 46.f4 Nc6 47.g4 Ke7 48.Bd2 Kf7 49.Kd3 Bc5 50.Bc3 Bd6
51.Bd2 Bc5 52.Bc1 Ke7 53.Be3 Bd6 54.Bd2 Bc5 55.Bc3 Bd6 56.Ne3 Kf7 57.Nd5 h6
58.f5 Be5 59.Bxe5 Nxe5+ 60.Kd4  1-0

[Event "Queenstown Classic"]
[Site "Queenstown NZL"]
[Date "2012.01.15"]
[Round "1.38"]
[White "Brown,An"]
[Black "Gloistein,B"]
[Result "1-0"]
[WhiteElo "2215"]
[BlackElo "1787"]

1.d4 d5 2.c4 e6 3.Nf3 Nf6 4.Nc3 Be7 5.Bf4 c6 6.e3 O-O 7.Qc2 Nbd7 8.a3 Nh5
9.Bg3 f5 10.Bd3 Qe8 11.cxd5 exd5 12.Bxf5 Ndf6 13.Bd3 g6 14.Be5 Ng4 15.O-O-O Bf5
16.Bxf5 Rxf5 17.h3 Nxe5 18.Nxe5 Ng7 19.e4 Rf8 20.exd5 cxd5 21.Qb3 Rc8 22.Kb1 Kh8
23.Nxd5 Bd6 24.Rhe1 Qe6 25.Nd3 Qf7 26.g4 Rc6 27.Ka2 Rfc8 28.N5b4 Rc4 29.d5 a5
30.Nc6 Qxd5 31.Nde5  1-0

[Event "5th Gora Swietej Anny"]
[Site "Gora Swietej Anny POL"]
[Date "2012.01.19"]
[Round "9.14"]
[White "Stark,Lukasz"]
[Black "Lukasiewicz,Krzysztof"]
[Result "1-0"]
[WhiteElo "1474"]
[BlackElo "1654"]

1.d4 d5 2.Nf3 Nf6 3.c4 e6 4.Nc3 Be7 5.Bf4 O-O 6.e3 b6 7.cxd5 exd5 8.Be2 Be6
9.O-O c5 10.dxc5 bxc5 11.Nb5 Nc6 12.Ne5 Qb6 13.Nxc6 Qxc6 14.Nc7 Rac8 15.Nxe6 fxe6
16.Rc1 Rfe8 17.Qb3 Qb6 18.Qxb6 axb6 19.Bb5 Red8 20.h3 Bd6 21.Bxd6 Rxd6 22.Rfd1 e5
23.Rd3 d4 24.exd4 exd4 25.Rc4 Nd5 26.Ra4 Nc7 27.Bc4+ Kf8 28.Rf3+ Rf6 29.Rxf6+ gxf6
30.Ra7 b5 31.Bd3 Kg8 32.Bf5 Rd8 33.Rxc7 d3 34.Rd7 Rxd7 35.Bxd7 d2 36.Bg4 b4
37.b3 f5 38.Bd1 Kf7 39.Kf1 Ke6 40.Ke2 Kd5 41.Kxd2 h5 42.Bxh5 Ke4 43.Be2 Kd4
44.h4 Ke5 45.h5 Kf6 46.Kd3 Kg5 47.Kc4 f4 48.Bf3 Kf6 49.Kxc5 Ke5 50.h6 Kf6
51.Be4 f3 52.gxf3 Kf7 53.h7 Kg7 54.Kxb4 Kh8 55.a4 Kg7 56.a5 Kh8 57.a6 Kg7
58.a7 Kf6 59.h8=Q+ Kf7 60.a8=Q  1-0

[Event "Queenstown Classic"]
[Site "Queenstown NZL"]
[Date "2012.01.19"]
[Round "5.57"]
[White "Voon,R"]
[Black "Brockman,R"]
[Result "0-1"]
[WhiteElo "1933"]
[BlackElo "1703"]

1.Nf3 d5 2.d4 Nf6 3.c4 e6 4.Nc3 Be7 5.Bf4 O-O 6.e3 c5 7.a3 Nc6 8.dxc5 Bxc5
9.b4 Nxb4 10.axb4 Bxb4 11.Qb3 a5 12.Bd3 dxc4 13.Bxc4 b5 14.Be2 Nd5 15.Rc1 a4
16.Qb2 a3 17.Qa1 Qa5 18.Be5 Bxc3+ 19.Bxc3 Nxc3 20.Rxc3 b4 21.Rb3 Bd7 22.O-O Ba4
23.Rbb1 Bc2 24.Rbc1 b3 25.Rxc2 bxc2 26.Rc1 Rfc8 27.Bd3 Qc3 28.Bxc2 Qxa1 29.Bxh7+ Kxh7
30.Rxa1 a2 31.g3 Rcb8  0-1

[Event "Queenstown Classic"]
[Site "Queenstown NZL"]
[Date "2012.01.19"]
[Round "5.59"]
[White "Rains,Timothy"]
[Black "Ayaz,H"]
[Result "0-1"]
[WhiteElo "1737"]
[BlackElo "1846"]

1.d4 d5 2.c4 e6 3.Nc3 Nf6 4.Bf4 Be7 5.Nf3 O-O 6.h3 c5 7.e3 a6 8.Qc2 Nc6 9.Be2 cxd4
10.exd4 dxc4 11.Be3 Nb4 12.Qd2 Qc7 13.Ne5 b5 14.a3 Nbd5 15.Bf3 Bb7 16.O-O Bd6
17.Bxd5 Nxd5 18.f4 f6 19.Ng4 h5 20.Nh2 Rae8 21.Rae1 Nxe3 22.Qxe3 e5 23.fxe5 fxe5
24.Rxf8+ Rxf8 25.Nf3 Bxf3 26.gxf3 Qc6 27.Ne4 exd4 28.Qf2 Bf4 29.Qxd4 Qg6+
30.Kf2 h4 31.Rg1 Qf7 32.Qc3 Bb8 33.Ke2 Qe7 34.Rg4 Rf4 35.Rg2 Qe5 36.Qd2 Bc7
37.Rg5 Rf5 38.Rg2 Rf7 39.Qc3 Qxc3 40.bxc3 Be5 41.Rg6 Bf6 42.f4 Re7 43.Kf3 Kf7
44.f5 Rd7 45.Kf4 Rd3 46.Kg4 Re3 47.Kf4 Rxh3 48.Rg1 Rd3 49.Rc1 h3 50.Rc2 Bd8
51.Nc5 Bc7+ 52.Kg4 Rg3+ 53.Kh4 Rg2 54.Rc1 h2 55.Nxa6 Bd8+  0-1

[Event "74th Tata Steel GMA"]
[Site "Wijk aan Zee NED"]
[Date "2012.01.19"]
[Round "5"]
[White "Van Wely,L"]
[Black "Aronian,L"]
[Result "1/2-1/2"]
[WhiteElo "2692"]
[BlackElo "2805"]

1.d4 d5 2.c4 e6 3.Nc3 Be7 4.Nf3 Nf6 5.Bf4 O-O 6.e3 Nbd7 7.c5 c6 8.Bd3 b6
9.b4 a5 10.a3 Ba6 11.O-O Qc8 12.h3 h6 13.Rb1 axb4 14.axb4 Bxd3 15.Qxd3 Qb7
16.Rfc1 Ra3 17.Qc2 Rfa8 18.Nd2 bxc5 19.bxc5 Qc8 20.Rb3 Rxb3 21.Nxb3 Bd8 22.Rb1 Bc7
23.Bxc7 Qxc7 24.Ra1 Rxa1+ 25.Nxa1 Qa5 26.Nb3 Qb4 27.Nc1 e5 28.Nd3 Qc4 29.Nb2 Qb4
30.Nd3 Qc4 31.Nb2 Qb4  1/2-1/2

[Event "74th Tata Steel GMB"]
[Site "Wijk aan Zee NED"]
[Date "2012.01.19"]
[Round "5"]
[White "L'Ami,E"]
[Black "Harikrishna,P"]
[Result "1/2-1/2"]
[WhiteElo "2596"]
[BlackElo "2665"]

1.d4 Nf6 2.c4 e6 3.Nf3 d5 4.Nc3 Be7 5.Bf4 O-O 6.e3 Nbd7 7.a3 c5 8.cxd5 Nxd5
9.Nxd5 exd5 10.dxc5 Nxc5 11.Be5 Bg4 12.Be2 Ne6 13.O-O Bf6 14.Bxf6 Qxf6 15.Qxd5 Qxb2
16.Ra2 Qb6 17.Qc4 Bh5 18.Qh4 Bg6 19.Ne5 Rac8 20.Qb4 Qc7 21.Nxg6 hxg6 22.a4 Rfd8
23.a5 Rd7 24.Bg4 Qe5 25.Qb2 Qxb2 26.Rxb2 Rc5 27.Ra1 Rdc7 28.h4 Nd8 29.Bf3 Kf8
30.g4 g5 31.hxg5 Rxg5 32.Kg2 Rgc5 33.Kg3 Rc2 34.Rb5 R2c5 35.Rb2  1/2-1/2

[Event "74th Tata Steel GMA"]
[Site "Wijk aan Zee NED"]
[Date "2012.01.19"]
[Round "5"]
[White "Radjabov,T"]
[Black "Topalov,V"]
[Result "1/2-1/2"]
[WhiteElo "2773"]
[BlackElo "2770"]

1.d4 Nf6 2.c4 e6 3.Nf3 d5 4.Nc3 Be7 5.Bf4 O-O 6.e3 Nbd7 7.a3 c5 8.cxd5 Nxd5
9.Nxd5 exd5 10.dxc5 Nxc5 11.Be5 Bf6 12.Be2 Bxe5 13.Nxe5 Qd6 14.Nf3 Bd7 15.O-O Ba4
16.Qd4 Rac8 17.Qb4 b6 18.Rac1 Bd7 19.Rfd1 Ba4 20.Re1 Bd7 21.Qh4 h6 22.Nd4 a5
23.Red1 Rfe8 24.Qg3 Qf6 25.Qf3 Qe5 26.Qg3 Qf6 27.Qf3 Qe5 28.Qg3  1/2-1/2

[Event "10th Parsvnath Open"]
[Site "New Delhi IND"]
[Date "2012.01.20"]
[Round "8.8"]
[White "Lalith,B"]
[Black "Vaibhav,S"]
[Result "1/2-1/2"]
[WhiteElo "2484"]
[BlackElo "2448"]

1.Nf3 d5 2.d4 Nf6 3.c4 e6 4.Nc3 Be7 5.Bf4 O-O 6.e3 Nbd7 7.a3 c5 8.cxd5 Nxd5
9.Nxd5 exd5 10.dxc5 Nxc5 11.Be5 Bg4 12.Be2 Bxf3 13.Bxf3 Bf6 14.Bxf6 Qxf6
15.Qc2 Rac8 16.Bxd5 Ne6 17.Qb3 Nc5 18.Qc2 Ne6 19.Qb3 Nc5  1/2-1/2

[Event "Apertura Internacional 2012"]
[Site "Asuncion PAR"]
[Date "2012.01.25"]
[Round "6.5"]
[White "Valiente,C"]
[Black "Guimaraes,W"]
[Result "1/2-1/2"]
[WhiteElo "2261"]
[BlackElo "2259"]

1.Nf3 Nf6 2.c4 e6 3.Nc3 d5 4.d4 Be7 5.Bf4 O-O 6.e3 c5 7.dxc5 Nc6 8.cxd5 exd5
9.Be2 Bxc5 10.O-O a6  1/2-1/2

[Event "Apertura Internacional 2012"]
[Site "Asuncion PAR"]
[Date "2012.01.28"]
[Round "9.1"]
[White "Soppe,G"]
[Black "Goiriz,Y"]
[Result "1-0"]
[WhiteElo "2424"]
[BlackElo "2106"]

1.Nf3 Nf6 2.c4 e6 3.Nc3 d5 4.d4 Be7 5.Bf4 O-O 6.e3 c5 7.dxc5 Bxc5 8.Qc2 Nc6
9.a3 d4 10.O-O-O Qe7 11.exd4 Bxd4 12.Nxd4 Nxd4 13.Rxd4 e5 14.Qe2 Re8 15.Nd5 Qf8
16.Bxe5 Nxd5 17.Rxd5 Be6 18.Bd6 Bxd5 19.Bxf8 Rxe2 20.Bxe2 Bxg2 21.Rg1 Kxf8
22.Rxg2  1-0

[Event "TCh-CAT 2012"]
[Site "Catalunya ESP"]
[Date "2012.01.28"]
[Round "1.8"]
[White "Gutierrez Clares,J"]
[Black "Sadrija,E"]
[Result "1-0"]
[WhiteElo "2241"]
[BlackElo "2196"]

1.d4 e6 2.c4 Nf6 3.Nf3 d5 4.Nc3 Be7 5.Bf4 Nbd7 6.c5 c6 7.e3 O-O 8.Bd3 Re8
9.h3 b6 10.b4 bxc5 11.bxc5 Qa5 12.Qd2 Bd8 13.O-O Bc7 14.Nb1 Ne4 15.Qxa5 Bxa5
16.Rd1 f6 17.Bxe4 dxe4 18.Nfd2 e5 19.Nc4 Bc7 20.Bg3 Ba6 21.Nbd2 Rac8 22.Rac1 exd4
23.Bxc7 Rxc7 24.Nd6 Re6 25.exd4 e3 26.fxe3 Rxe3 27.Re1 Re2 28.Nf3 Nf8 29.Rxe2 Bxe2
30.Re1 Bd3 31.Re8 g6 32.d5 cxd5 33.Nd4 Rxc5 34.Ne6 Rc1+ 35.Kh2 h5 36.Rxf8+ Kh7
37.Rf7+ Kh6 38.h4 Rc6 39.Nf8 g5 40.Rxf6+ Kg7 41.Ne8+  1-0

[Event "11th Marienbad IMB1"]
[Site "Marianske Lazne CZE"]
[Date "2012.01.28"]
[Round "9"]
[White "Plischki,S"]
[Black "Stigar,P"]
[Result "1/2-1/2"]
[WhiteElo "2343"]
[BlackElo "2292"]

1.d4 Nf6 2.c4 e6 3.Nf3 d5 4.Nc3 Be7 5.Bf4 O-O 6.e3 Nbd7 7.h3 c5 8.cxd5 Nxd5
9.Nxd5 exd5 10.dxc5 Nxc5 11.Bd3 Qa5+  1/2-1/2

[Event "Gibraltar Open"]
[Site "Caleta ENG"]
[Date "2012.01.29"]
[Round "6.28"]
[White "Fier,A"]
[Black "Aranha Filho,A"]
[Result "1-0"]
[WhiteElo "2603"]
[BlackElo "2307"]

1.d4 d5 2.c4 e6 3.Nf3 Nf6 4.Nc3 Be7 5.Bf4 O-O 6.e3 b6 7.Qc2 c5 8.dxc5 bxc5
9.Rd1 Nc6 10.Be2 Qa5 11.O-O dxc4 12.Nd2 Ba6 13.Nxc4 Bxc4 14.Bxc4 Rad8 15.h3 Rxd1
16.Rxd1 Rd8 17.Rxd8+ Qxd8 18.Qa4 Qb6 19.Qb5 e5 20.Bh2 Bd6 21.g4 h6 22.Bg3 Qxb5
23.Bxb5 Nb4 24.Bc4 g5 25.f3 Kf8 26.Bf2 Nc6 27.Bb5 Nd8 28.Kf1 Kg7 29.Ke2 e4
30.fxe4 Be5 31.Kf3 Nb7 32.Be1 Nd6 33.Bd3 c4 34.Bc2 Nd7 35.Nd5 Kf8 36.Bb4 Kg7
37.Ne7 Kf6 38.Nc6 a6 39.Ke2 Nb5 40.a4 Nc7 41.b3 cxb3 42.Bxb3 Ne6 43.Be7+ Kg7
44.Bc4 Nc7 45.a5 Bf6 46.Bd6 Ne8 47.Bg3 Bc3 48.Bxa6 Nef6 49.Bd3 Nc5 50.Bd6 Nfd7
51.Bxc5 Nxc5 52.a6 Nd7 53.a7 Nb6 54.Ba6 h5 55.Ne7 hxg4 56.hxg4  1-0

[Event "TCh-CZE Liga 1 Zapad"]
[Site "Czech Rep CZE"]
[Date "2012.01.29"]
[Round "7.8"]
[White "Rous,F"]
[Black "Vecerka,P"]
[Result "1-0"]
[WhiteElo "2065"]
[BlackElo "2091"]

1.Nf3 d5 2.c4 e6 3.d4 Be7 4.Nc3 Nf6 5.Bf4 O-O 6.e3 c6 7.Rc1 Nbd7 8.cxd5 exd5
9.Bd3 Nb6 10.Ne5 Re8 11.O-O Be6 12.Qc2 h6 13.Qe2 Bf8 14.Bg3 Nfd7 15.f4 f5
16.Ng6 Qf6 17.Nxf8 Rxf8 18.Be1 Rae8 19.Nb1 Nc8 20.Bb4 Rf7 21.Nd2 g5 22.Nf3 g4
23.Ne5 Rg7 24.Qc2 Nf8 25.a4 Ng6 26.a5 a6 27.Bc5 Nh4 28.Kh1 h5 29.Ra1 Ng6
30.Ra4 Nce7 31.Qb3 Bc8 32.Raa1 Nf8 33.Rac1 Neg6 34.Bb1 Ne6 35.Bb6 Nc7 36.Bd3 Nb5
37.Bxb5 axb5 38.a6 Nxe5 39.dxe5 Qg6 40.a7 Be6 41.Qa3 Ra8 42.Ra1 d4 43.Bxd4 Rd7
44.Rfd1 Bd5 45.Bc5 b6 46.Bxb6 h4 47.Kg1 g3 48.h3 Rb7 49.Bd4 Qh5 50.Rd2 Qf7
51.b4  1-0

[Event "TCh-HUN 2011-12"]
[Site "Kecskemet HUN"]
[Date "2012.01.29"]
[Round "5"]
[White "Sarosi,Z"]
[Black "Jamrich,G"]
[Result "1/2-1/2"]
[WhiteElo "2297"]
[BlackElo "2311"]

1.d4 Nf6 2.c4 e6 3.Nf3 Bb4+ 4.Bd2 Be7 5.Nc3 d5 6.Bf4 Ne4 7.h3 c5 8.e3 cxd4
9.exd4 Qa5 10.Qb3 O-O 11.Bd3 Nxc3 12.bxc3 dxc4 13.Bxc4 Qf5 14.Bg3 Nc6 15.Qd1 Qa5
16.Qd3 Qa3 17.Bb3 b6 18.Nd2 Ba6 19.Nc4 Bxc4 20.Bxc4 Na5 21.Ba6 Nb3 22.Rb1 Nc1
23.Qc4 Nxa2 24.Kd2 b5 25.Bxb5 Rac8 26.Bc6 Qxc3+ 27.Qxc3 Nxc3 28.Kxc3 Rxc6+
29.Kd3 Rd8 30.Rhd1 Bf6 31.Ke4 Rc4 32.Be5 Bxe5 33.Kxe5 Rd5+ 34.Ke4 f5+ 35.Ke3 Rd7
36.Rb5 g5 37.Ra5 Kf7 38.g3 Kf6 39.Ra6 h5 40.Rd3 Rb4 41.Rd2 Rb6 42.Rda2 Rb3+
43.Ke2 Rxd4 44.Rxa7 f4 45.gxf4 gxf4 46.Kf1 Rxh3 47.Kg2 Rhd3 48.Rh7 f3+ 49.Kh3 Rg4
50.Rxh5 Rg6 51.Rha5 Rd7 52.Ra7 Rd5 53.R7a5 Kf5 54.R5a3 Kf4 55.Ra4+ Ke5 56.Rg4 Rf6
57.Raa4 Rf5 58.Kg3 Rd1 59.Ra5+ Rd5 60.Ra3  1/2-1/2

[Event "Moscow Open F 2012"]
[Site "Moscow RUS"]
[Date "2012.01.29"]
[Round "2.14"]
[White "Guseinov,D"]
[Black "Mestnikova,T"]
[Result "1/2-1/2"]
[WhiteElo "2089"]
[BlackElo "1896"]

1.d4 Nf6 2.c4 e6 3.Nf3 d5 4.Nc3 Be7 5.Bf4 O-O 6.e3 Nbd7 7.c5 c6 8.h3 a5 9.a3 b6
10.b4 Ba6 11.Bxa6 Rxa6 12.O-O Qa8 13.Nd2 axb4 14.axb4 Qb7 15.Nb3 Rxa1 16.Qxa1 bxc5
17.Na5 Qa6 18.bxc5 Ra8 19.Nb3 Qb7 20.Qb2 e5 21.Bg3 exd4 22.exd4 Qb4 23.Rb1 h6
24.Ne2 Ne4 25.Bf4 Bf6 26.Qc2 Qb5 27.Nc3 Qc4 28.Rc1 Nxc3 29.Qxc3 Qxc3 30.Rxc3 Ra3
31.Re3 g5 32.Bd6 Kg7 33.g4 Nf8 34.Bxf8+ Kxf8 35.Kf1 Ra4 36.Rd3 Kg7 37.Ke2 Kg6
38.Ke3 h5 39.Rd1 Bg7 40.Kd3 Ra3 41.Kc3 f5 42.f3 hxg4 43.hxg4 Ra2 44.Rd2 Ra4
45.Rd1 Rc4+ 46.Kd3 Rb4 47.Kc3 Rc4+ 48.Kd3 Rb4 49.Kc3 Rc4+  1/2-1/2

[Event "TCh-AUT 2 West 2011-12"]
[Site "Salzburg AUT"]
[Date "2012.01.29"]
[Round "8"]
[White "Froewis,G"]
[Black "Westermeier,A"]
[Result "0-1"]
[WhiteElo "2424"]
[BlackElo "2260"]

1.Nf3 Nf6 2.c4 e6 3.Nc3 d5 4.d4 Be7 5.Bf4 O-O 6.e3 Nbd7 7.c5 c6 8.Be2 b6
9.b4 a5 10.a3 Ba6 11.b5 cxb5 12.c6 Qc8 13.Nxb5 Qxc6 14.Rc1 Bxb5 15.Rxc6 Bxc6
16.a4 Bb4+ 17.Kf1 Ne4 18.Bb5 Bxb5+ 19.axb5 Rfc8 20.g4 a4 21.Kg2 a3 22.Qb3 Bc3
23.Qa2 Bb2 24.Bg3 Ra5 25.Qb3 Rc4 26.Rb1 Bc3 27.Qa2 Rb4 28.Rxb4 Bxb4 29.Qb3 a2
30.Qxb4 a1=Q 31.Qe7 Nf8 32.Bc7 Qa3  0-1

[Event "ch-TUR 2012"]
[Site "Kemer TUR"]
[Date "2012.01.30"]
[Round "3"]
[White "Sengul,C"]
[Black "Nailer,Ali"]
[Result "1-0"]
[WhiteElo "2168"]
[BlackElo "1953"]

1.Nf3 d5 2.d4 Nf6 3.c4 e6 4.Nc3 Be7 5.Bf4 c6 6.e3 Nbd7 7.h3 O-O 8.c5 Qa5
9.a3 Ne4 10.b4 Nxc3 11.Qc2 Qd8 12.Qxc3 Bf6 13.Bd3 Re8 14.O-O g6 15.b5 Bg7
16.bxc6 bxc6 17.Bd6 f6 18.e4 e5 19.Qb3 Kh8 20.exd5 Nxc5 21.dxc5 e4 22.Bc4 exf3
23.Qxf3 cxd5 24.Bxd5 Ba6 25.Bxa8 Bxf1 26.Kxf1 Qxa8 27.Qxa8 Rxa8 28.Rb1 Bf8
29.Bxf8 Rxf8 30.Ke2 Rc8 31.Rc1 Kg7 32.Kd3 Kf7 33.Kc4 Ke7 34.Re1+ Kd7 35.Kd5 f5
36.f4 Rd8 37.c6+ Kc7+ 38.Kc5 Rd2 39.Re7+ Kc8 40.Rxa7 Rxg2 41.Rxh7 Rc2+ 42.Kd6 Rd2+
43.Ke5 Rc2 44.c7 Re2+ 45.Kf6 Rf2 46.Kxg6 Rxf4 47.Kg5 Rf1 48.Rf7 Rf3 49.h4 Rxa3
50.h5 Rg3+ 51.Kxf5 Rh3 52.Kg6 Rg3+ 53.Kh7 Rg5 54.h6 Re5 55.Kg8 Rg5+ 56.Kf8  1-0

[Event "85th ch-St Petersburg SF"]
[Site "St Petersburg RUS"]
[Date "2012.01.31"]
[Round "4.13"]
[White "Shpartko,G"]
[Black "Gorbatenko,A"]
[Result "1-0"]
[WhiteElo "2129"]
[BlackElo "2082"]

1.d4 Nf6 2.Nf3 d5 3.c4 e6 4.Nc3 Be7 5.Bf4 O-O 6.h3 c5 7.e3 cxd4 8.Nxd4 Nc6
9.Nxc6 bxc6 10.Be2 Bb4 11.O-O Bxc3 12.bxc3 Ne4 13.Qc2 Re8 14.cxd5 cxd5 15.f3 e5
16.fxe4 exf4 17.Rxf4 Qg5 18.Bb5 Re6 19.Raf1 f6 20.Qb3 Bb7 21.c4 Rxe4 22.Bd7 Ba6
23.Rxe4 dxe4 24.Bf5 g6 25.Bxe4 Rc8 26.Bd5+ Kg7 27.Kh1 Qe5 28.Qb4 Rb8 29.Qa3 Rb6
30.Rc1 Kh6 31.e4 Bc8 32.Qf8+  1-0

[Event "85th ch-St Petersburg SF"]
[Site "St Petersburg RUS"]
[Date "2012.01.31"]
[Round "4.4"]
[White "Duzhakov,I"]
[Black "Usmanov,V"]
[Result "1/2-1/2"]
[WhiteElo "2303"]
[BlackElo "2315"]

1.d4 Nf6 2.c4 e6 3.Nc3 d5 4.Nf3 Be7 5.Bf4 O-O 6.e3 Nbd7 7.Bd3 c5 8.cxd5 exd5
9.Rc1 Qb6 10.b3 cxd4 11.Nxd4 Nc5 12.O-O Bg4 13.Be2 Bxe2 14.Qxe2 Ne6 15.Be5 Nxd4
16.Bxd4 Qa5 17.Rfd1 Rad8 18.Qf3 Rd6 19.Bxf6 Bxf6 20.Rxd5 Qa3 21.Rxd6 Qxc1+
22.Nd1 Rd8 23.Rxd8+ Bxd8 24.Qd5 Bf6 25.g3 g6 26.Kg2 Qa1 27.a4 b6 28.Qd3 a5
29.Qc2 Kg7 30.f4 h5 31.Nf2 Qe1 32.Qd3 Bc3 33.Ne4 Bb2 34.Qd2 Qb1 35.Nd6 Ba3
36.Qc3+ Kg8 37.Qc8+ Kg7 38.Qc3+ Kg8 39.Qc8+ Kg7 40.Ne8+ Kf8 41.Nd6+ Kg7  1/2-1/2